Дело о выкупе земельных наделов временнообязанными крестьянами М.Н. Челищева сельца Большой Талинки (Курша) и деревни Марьиной Т...

Доступно только в Электронных читальных залах Найти на картеНа карте
RUSMARC
00004000nmc2a2200000 x 450
0018a947316-a808-4e4a-9a07-32cccb56e40b
00520151204090649.0
100##$a20140415l18711871k l0rusy0189 ca
1010#$arus
102##$aRU
2001#$aДело о выкупе земельных наделов временнообязанными крестьянами М.Н. Челищева сельца Большой Талинки (Курша) и деревни Марьиной Тамбовского уезда Тамбовской губернии
$j8 февраля - 4 октября 1871 г.
251##$cДело
300##$aДело
300##$aОриг. заголовок дела: Дело Челищева М.Н. Тамбовской губернии Тамбовского уезда сельца Большой Талинки (Курша) и деревни Марьиной. 8 февраля 1871 г. - 4 октября 1871 г
801#0$aRU
$bРГИА
$c20140415
$gRCR
801#1$aRU
$bГлавНИВЦ
$c20140415
$2rusmarc
801#2$aRU
$bПБ им. Б.Н. Ельцина
$c20151204
$gRCR
$2rusmarc
850##$aРГИА
852##$aРГИА
$eФедеральное казенное учреждение "Российский государственный исторический архив" (РГИА)
$j1766
937##$hРГИА
$d11123143
$aASBIBLIO_SCAN
462#0$10017c5e74c9-979b-46fc-b2dd-52a15592f082
$12001
$a1863-1889 гг.
$1251
$cОпись
$1852
$j40
461#0$10018ef30ad5-ff5c-4840-a721-74c62a200f95
$12001
$aГлавное выкупное учреждение Министерства финансов
$1251
$cФонд
$1852
$j577
215##$a34 л.
$d36,5x26 см
371##$aДокумент не является опубликованным и широко распространяемым
105##$aу###
1222#$ad
5171#$aДело Челищева М.Н. Тамбовской губернии Тамбовского уезда сельца Большой Талинки (Курша) и деревни Марьиной. 8 февраля 1871 г. - 4 октября 1871 г
035##$a8a947316-a808-4e4a-9a07-32cccb56e40b
Формат отображения